NOVÉ TRENDY V LABORATÓRNEJ MEDICÍNE

Bibliographic Details
Main Author: Valenčáková, Alexandra, 1967- (Author)
Format: Article
Language:Slovak

MARC

LEADER 00000nab a2200000ua 4500
001 vtls010802489
003 SK-MaSNL
005 20260303212427.0
008 230207s2009 xo |||||||||||||||||slo|
035 |a (urnnbn)urn:nbn:sk:snk:ar-a03v6o 
035 |a (uuid)c0cbc524-a048-471e-9b4a-8435362cf6d8 
035 |a urn:nbn:sk:snk-ab5fcg 
040 |a SNKBUCL  |b slo  |c SNKBUCL  |e AACR2 
041 0 |a slo 
044 |a xo  |c SK 
100 1 |a Valenčáková, Alexandra,  |d 1967-  |4 aut  |9 181167 
245 1 0 |a NOVÉ TRENDY V LABORATÓRNEJ MEDICÍNE  |c A. Valenčáková 
773 0 |t Slovenský veterinársky časopis : odborný dvojmesačník pre veterinárnu starostlivosť, zdravie zvierat, veterinárnu farmáciu, dietetiku, welfare, hygienu potravín, potravinový dozor a veterinárnu prax  |g Roč. 34, č. 6 (2009), s. 357-363 
954 |a odborná, vedecká literatúra pôvodná (slovenská)  |2 lita 
958 |a OND 
958 |a EUIPO 
958 |a article3 
999 |c 2207329  |d 2209259